000 00501nam a2200181Ia 4500
005 20250326124327.0
008 250326s9999 xx 000 0 und d
037 _aTextbook
040 _aFMSL
_beng
_cFMSL
041 _aeng
_2eng
084 _aX:56 K7
_qFMSL
100 _aJOHN
245 0 _aBritish economy: problems and prospects
_cJohn; Hackett A M
260 _aLondon
_bLondon, George Allen & Unwin
_c1967
300 _a239p
942 _cTB
_hX:56 K7
999 _c1273284
_d1273284